|
|
|
|
| LEADER |
00000nam a2200000 a 4500 |
| 001 |
vtls001306415 |
| 003 |
SK-MaSNL |
| 005 |
20260302032929.0 |
| 008 |
240314s1939 xx 0 und |
| 035 |
|
|
|a SNK000258669
|
| 040 |
|
|
|a SNK
|b slo
|c SNK
|e AACR2
|
| 100 |
1 |
|
|a Hrušovský, František,
|d 1903-1956
|4 aut
|9 42039
|
| 245 |
1 |
0 |
|a Slovenské dejiny
|
| 260 |
|
|
|a Turč. Sv. Martin
|b Matica slovenská
|c 1939
|
| 300 |
|
|
|a 448 s.
|
| 999 |
|
|
|c 1059310
|d 1061240
|
| 952 |
|
|
|t P60, <04>, [BOOK], {604}
|a SNK
|b SNK
|y VYP
|7 0
|p 17A0102188
|o snkSD 22833 D1
|0 0
|1 0
|4 0
|d 1997-10-14
|l 0
|r 2005-01-02 00:00:00
|w 2026-02-24
|
| 952 |
|
|
|t P60, <03>, [BOOK], {603}
|a SNK
|b SNK
|y PREZ
|7 0
|p 17A0121216
|o snkSD 22833
|0 0
|1 0
|4 0
|d 1998-02-04
|l 0
|r 2005-01-02 00:00:00
|w 2026-02-24
|